| 000 | 00623nam a22002177a 4500 | ||
|---|---|---|---|
| 003 | DO-SdBNP | ||
| 005 | 20221116103559.0 | ||
| 007 | ta | ||
| 008 | 110301s2019 dr 000 j spa d | ||
| 020 | _a9789945910292 | ||
| 040 |
_aDO-SdBNP _bspa _cBNPHU |
||
| 082 | 4 |
_axxxx _bM491i |
|
| 100 | 1 |
_aMedina, Ramsés _953018 |
|
| 245 | 1 | 3 |
_aEl itinerario de un polizón / _cRamsés Medina |
| 260 |
_aSanto Domingo : _bLuz de Luna, _c2019. |
||
| 300 |
_a78 p. : _c21 cm. |
||
| 500 | _aIncluye datos biográficos del autor en la contra portada. | ||
| 590 | _aInventariado, 2022/ YL | ||
| 910 | _aYLockward | ||
| 942 |
_2ddc _cLBS1 |
||
| 999 |
_c52951 _d52951 |
||